Contribution to growth The European digital single market: delivering economic benefits for citizens and businesses /

Detalles Bibliográficos
Autor principal: Petropoulos, Georgios
Otros Autores: Marcus, J. Scott, Yeung, Timothy
Formato: eBook
Lenguaje:inglés
Publicado: Bruselas: European Union Publications Office, 2020
Materias:
Acceso en línea:Acceso restringido

MARC

LEADER 00000nam a22000007a 4500
005 2021082504434.0
007 cr|||| ||||
008 210825s2020 eu |||||s|||| 00||0 eng d
020 |a 978-92-846-4514-5 
035 |a 34211 
040 |a vLex 
090 |c 12127  |d 12127 
100 1 |a Petropoulos, Georgios 
245 1 0 |a Contribution to growth  |h [Recurso electrn̤ico] :  |b The European digital single market: delivering economic benefits for citizens and businesses /  |c Georgios Petropoulos, J. Scott Marcus, Timothy Yeung 
256 |a Servicio en ln̕ea 
260 |a Bruselas:  |b European Union Publications Office,  |c 2020 
300 |a 1 recurso electrn̤ico 
500 |a Numerous legislative measures have been initiated or enacted in support of the overall achievement of a Digital Single Market (DSM). This study provides a brief stock-taking of what has been achieved in economic terms, of what remains to be done, and of candidate initiatives for the next legislative term. This document was prepared by Policy Department A: Economic and Scientific Policy, at the request of the Committee for the Internal Market and Consumer Protection. 
506 1 |a Disponible solo en los productos indicados  |d vLex Global  |d vLex Global (Academic Edition, excluding Law Schools)  |d vLex Global (U.S. Academic Edition, Law Schools)  |d vLex Global (U.S. Academic Edition, excluding Law Schools)  |d vLex Global (Academic Edition, Law Schools) 
650 0 4 |a Telecomunicaciones  |z Unin̤ Europea 
650 0 4 |a Derecho Mercantil y de la Empresa  |z Unin̤ Europea 
700 1 |a Marcus, J. Scott 
700 1 |a Yeung, Timothy 
740 0 |a vLex Libros (Servicio en ln̕ea) 
856 4 0 |u https://app.vlex.com/#/sources/34211  |z Acceso restringido 
942 |c BOOK 
999 0 |a Telecommunications 
999 0 |a Commercial and Company Law